[Event "Auckland North Shore op"]
[Site "Auckland"]
[Date "2025.04.16"]
[Round "1"]
[White "Wright, Christopher JB"]
[Black "Johns, Daniel P"]
[Result "1/2-1/2"]
[WhiteElo "1467"]
[BlackElo "1670"]
[PlyCount "108"]
[EventDate "2025.04.16"]
[EventType "swiss"]
[EventRounds "5"]
[EventCountry "NZL"]
[SourceTitle "CB23_2025"]
[SourceDate "2025.06.04"]
[SourceVersion "1"]
[SourceVersionDate "2025.06.04"]
[SourceQuality "1"]

1. c4 e6 2. Nc3 d5 3. e3 Nf6 4. cxd5 exd5 5. Nf3 Be7 6. Qc2 c6 7. b3 h6 8. Bb2 Be6 9. Be2 Nbd7 10. Rg1 Bg4 11. h3 Bh5 12. g4 Bg6 13. Bd3 Bxd3 14. Qxd3 Qc7 15. h4 Ne5 16. Nxe5 Qxe5 17. f4 Qd6 18. 0-0-0 0-0-0 19. g5 hxg5 20. hxg5 Ne8 21. Qf5+ Qe6 22. Qxe6+ fxe6 23. Ne2 Rh2 24. Nd4 Kd7 25. Rh1 Rxh1 26. Rxh1 Bd6 27. Nf3 Ke7 28. Ne5 Bxe5 29. Bxe5 Kf7 30. Bd4 b6 31. d3 Nd6 32. Rh7 Nf5 33. Be5 Kg6 34. Rh3 Nd6 35. a4 c5 36. Bxd6 Rxd6 37. Kd2 Rd7 38. Kc3 e5 39. d4 exf4 40. exf4 Kf5 41. Rh4 g6 42. Kd3 Re7 43. dxc5 bxc5 44. a5 Re6 45. Kc3 Re3+ 46. Kb2 Re2+ 47. Ka3 d4 48. Rh7 d3 49. Rxa7 d2 50. Rd7 Kxf4 51. a6 Re6 52. a7 Ra6+ 53. Kb2 Rxa7 54. Rxd2 Kxg5 1/2-1/2